All Character Classes in Lego Skywalker Saga - Statistics

General Stats
  • This quiz has been taken 12 times
  • The average score is 7 of 9
Answer Stats
Answer % Correct
Jedi
100%
Bounty Hunter
90%
Dark Side
90%
Hero
90%
Protocol Droid
80%
Scavenger
80%
Scoundrel
80%
Villain
70%
Astromech Droid
60%
No matching quizzes found
Score Distribution
Percent of People with Each Score
Percentile by Number Answered
Your Score History
You have not taken this quiz